00582nam a2200205 a 450000500170000000800410001701000140005802000260007203500130009803700150011104000180012608200100014410000230015424500430017726000280022027000590024830000250030750000230033265000210035519920309151818.1820728s1981 ii a b 001 0 eng  aENG-92410 c250.00a9788188661794 aEN-75943 bDBAD / PUB adplbEnglish  a133.5 aSundara Rajan, N.  aHindu astrology /cby N. Sundara Rajan aChennaibEastwestc2008 aF-5, Okhla Industrial Area, Ph-I, bNew Delhi e110020 a214p. c22 cm (pbk)  aIncludes glossary  aHindu astrology.